|
|
|
|
| LEADER |
00000cam a2200000 a 4500 |
| 001 |
vtls001417708 |
| 003 |
SK-MaSNL |
| 005 |
20260301012706.0 |
| 008 |
240226s2000 xo a fr 100 0 slo |
| 015 |
|
|
|a SNBE2002/02-00680
|
| 035 |
|
|
|a SNK000372494
|
| 035 |
|
|
|a urn:nbn:sk:snk-amkn59
|
| 035 |
|
|
|a urn:nbn:sk:snk-am003p6u
|
| 035 |
|
|
|a E68A42CD-8948-4C3F-A514-8BDF24DF2B7F
|
| 040 |
|
|
|a SNK
|b slo
|c SNK
|e AACR2
|
| 041 |
0 |
|
|a slo
|
| 044 |
|
|
|a xo
|c SK
|
| 080 |
|
|
|a 356.3(437.6):262.1(085)\
|2 1981
|
| 080 |
|
|
|a 262.1\
|2 1981
|
| 245 |
0 |
0 |
|a Annual - päťročenka duchovnej a náboženskej služby
|b zborník dokumentov a príspevkov
|c zostavovateľ: Alojz Golský
|
| 260 |
|
|
|a Bratislava
|b Ministerstvo obrany SR
|c 2000
|
| 300 |
|
|
|a 198 s.
|b tab.
|c 21 cm
|
| 500 |
|
|
|a 500 výt.
|
| 610 |
1 |
7 |
|a Slovensko.
|b Armáda
|2 SNK
|9 116379
|
| 650 |
0 |
7 |
|a duchovná služba v armáde
|2 SNK
|9 15408
|
| 655 |
|
7 |
|a zborníky konferencií
|2 SNKPH
|9 70153
|
| 700 |
1 |
|
|a Golský, Alojz
|4 com
|9 12799
|
| 958 |
|
|
|a OND
|
| 958 |
|
|
|a TL
|
| 999 |
|
|
|c 554161
|d 556091
|
| 952 |
|
|
|t P60, <03>, [BOOK], {603}
|a SNK
|b SNK
|y PREZ
|7 0
|p 17A0308931
|o snkSC 105550
|i snkKSP 8981/2001
|0 0
|1 0
|4 0
|d 2001-07-31
|f 1
|l 0
|r 2025-09-26 00:00:00
|w 2026-02-23
|
| 952 |
|
|
|t P60, <04>, [BOOK], {604}
|a SNK
|b SNK
|y VYP
|7 0
|p 17A0308940
|o snkSC 105550 D1
|i snkKSP 8982/2001
|0 0
|1 0
|4 0
|d 2001-07-31
|l 0
|r 2005-01-02 00:00:00
|w 2026-02-23
|